Spanish: Por vs. Para Quiz Stats

 Plays Quiz Updated Nov 23, 2015

Also try: Spanish: Colors
Challenge
Share
Tweet
Embed
Score 0/10 Timer 04:00
8 Plays Today
Sentence Por or Para? % Correct
Lo mataron ___ odio.???
78.9%
El libro es ___ usted.???
74.7%
El libro fue escrito ___ Jaime.???
72.9%
Lo hizo ___ sobrevivir.???
72.1%
Son juegos ___ niños.???
70.4%
Estudia ___ ingeniera.???
70%
Mandaron ___ el médico.???
68.6%
Es una taza ___ café.???
63.1%
Fue a la tienda ___ café.???
59.3%
Lo hago ___ mi hermano.???
58.4%

You're not logged in!

Compare scores with friends on all Sporcle quizzes.
OR
Log In

You Might Also Like...

Show Comments

Extras

Top Quizzes Today


Score Distribution

Your Account Isn't Verified!

In order to create a playlist on Sporcle, you need to verify the email address you used during registration. Go to your Sporcle Settings to finish the process.

Report this User

Report this user for behavior that violates our Community Guidelines.

Details: